书目信息 |
| 题名: |
自学英语文法
|
|
| 作者: | 何成廉 编著 | |
| 分册: | ||
| 出版信息: | 香港 万里书店 不详 |
|
| 页数: | 119页 | |
| 开本: | 20cm | |
| 丛书名: | ||
| 单 册: | ||
| 中图分类: | H314.1 | |
| 科图分类: | ||
| 主题词: | 英语 | |
| 电子资源: | ||
| ISBN: | ||
| 000 | 00499nam0 2200181 45 | |
| 001 | 0405061371 | |
| 005 | 20060719081051.67 | |
| 010 | @dCNY4.00 | |
| 100 | @a20040506d不详 km y0chiy0120 ea | |
| 101 | 0 | @achi |
| 200 | 1 | @a自学英语文法@AZi Xue Ying Yu Wen Fa@f何成廉编著@FHe Cheng Lian Bian Zhu |
| 210 | @a香港@c万里书店@d不详 | |
| 215 | @a119页@d20cm | |
| 606 | 0 | @a英语 |
| 690 | @aH314.1@v3 | |
| 701 | 0 | @a何成廉@4编著 |
| 801 | @aCN@bPftUser@c20060719 | |
| 905 | @f7@b66513-519@dH314.1@e22@b49449-458@f10 | |
| 自学英语文法/何成廉编著.-香港:万里书店,不详 |
| 119页;20cm |
| ISBN :CNY4.00 |
| ● |
| 相关链接 |
|
|
|
|
正题名:自学英语文法
索取号:H314.1/22
 
预约/预借
| 序号 | 登录号 | 条形码 | 馆藏地/架位号 | 状态 | 备注 |
| 1 | 0049449 | 001378057 | 密集书库/ [索取号:H314.1/22] | 在馆 | |
| 2 | 0049450 | 001377806 | 密集书库/ [索取号:H314.1/22] | 在馆 | |
| 3 | 0049451 | 001378011 | 密集书库/ [索取号:H314.1/22] | 在馆 | |
| 4 | 0049452 | 001702606 | 密集书库/ [索取号:H314.1/22] | 在馆 | |
| 5 | 0049453 | 001377977 | 密集书库/ [索取号:H314.1/22] | 在馆 | |
| 6 | 0049454 | 001377833 | 密集书库/ [索取号:H314.1/22] | 在馆 | |
| 7 | 0049455 | 001377940 | 密集书库/ [索取号:H314.1/22] | 在馆 | |
| 8 | 0049456 | 001377986 | 第四借阅区/ [索取号:H314.1/22] | 在馆 | |
| 9 | 0049457 | 001377799 | 密集书库/ [索取号:H314.1/22] | 在馆 | |
| 10 | 0049458 | 001378066 | 密集书库/ [索取号:H314.1/22] | 在馆 | |
| 11 | 0066513 | 001378020 | 密集书库/ [索取号:H314.1/22] | 在馆 | |
| 12 | 0066514 | 001377897 | 密集书库/ [索取号:H314.1/22] | 在馆 | |
| 13 | 0066515 | 001377860 | 密集书库/ [索取号:H314.1/22] | 在馆 | |
| 14 | 0066516 | 001377904 | 密集书库/ [索取号:H314.1/22] | 在馆 | |
| 15 | 0066517 | 001377824 | 密集书库/ [索取号:H314.1/22] | 在馆 | |
| 16 | 0066518 | 001377780 | 第二样本阅览室/ [索取号:H314.1/22] | 在馆 | |
| 17 | 0066519 | 001377842 | 密集书库/ [索取号:H314.1/22] | 在馆 | |
| 18 | 0434931 | 204349311 | 密集书库/ [索取号:H314.1/22] | 在馆 | |
| 19 | 0434932 | 204349320 | 密集书库/ [索取号:H314.1/22] | 在馆 | |
| 20 | 0434933 | 204349339 | 密集书库/ [索取号:H314.1/22] | 在馆 | |
| 21 | 0434934 | 204349348 | 密集书库/ [索取号:H314.1/22] | 在馆 |